| 000 | 00621nam a2200229Ia 4500 | ||
|---|---|---|---|
| 003 | OSt | ||
| 005 | 20220918193011.0 | ||
| 006 | a|||||r|||| 00| 0 | ||
| 007 | ta | ||
| 008 | 220917b |||||||| |||| 00| 0 eng d | ||
| 024 | _a71,451 | ||
| 037 | _cTextual | ||
| 040 |
_aARTS _cARTS _beng |
||
| 041 |
_2eng _aeng |
||
| 082 | _aR3xM89,11, N6 | ||
| 100 |
_aHeideggeer Martin _917777 |
||
| 245 | 0 | _aPrinciple of reason tr by Reginald Lilly | |
| 260 |
_aBloomington _bIndiana _c1996 |
||
| 300 |
_axxi, 148p. _ccm. |
||
| 942 |
_hR3xM89,11, N6 _cTEXL _2CC |
||
| 999 |
_c197524 _d197524 |
||